| 000 | 01232cam a2200325 a 4500 | ||
|---|---|---|---|
| 001 | 14832978 | ||
| 003 | Nust- CAS-E | ||
| 005 | 20180118181400.0 | ||
| 008 | 070503s2008 fluab b 001 0 eng | ||
| 010 | _a 2007018741 | ||
| 020 | _a9781420062007 | ||
| 020 | _a142006200X | ||
| 035 | _a(OCoLC)ocn124036312 | ||
| 035 | _a(OCoLC)124036312 | ||
| 040 |
_aDLC _cDLC _dBAKER _dBTCTA _dUKM _dC#P _dYDXCP _dDLC |
||
| 050 | 0 | 0 |
_aTK3001 _b.G58 2008 |
| 082 | 0 | 0 |
_a621.319 _222 _b2007 GON |
| 100 | 1 | _aGönen, Turan. | |
| 245 | 1 | 0 |
_aElectric power distribution system engineering / _cTuran Gönen. |
| 250 | _a2nd ed. | ||
| 260 |
_aBoca Raton : _bCRC Press, _cc2008. |
||
| 300 |
_a834 p. : _bill., maps ; _c27 cm. |
||
| 504 | _aIncludes bibliographical references and index. | ||
| 650 | 0 | _aElectric power distribution. | |
| 856 | 4 | 1 |
_3Table of contents only _uhttp://www.loc.gov/catdir/toc/ecip0717/2007018741.html |
| 856 | 4 | 2 |
_3Publisher description _uhttp://www.loc.gov/catdir/enhancements/fy0728/2007018741-d.html |
| 906 |
_a7 _bcbc _corignew _d1 _eecip _f20 _gy-gencatlg |
||
| 942 |
_2ddc _cBK |
||
| 999 |
_c355380 _d355380 |
||